The old man who loved cheese / (Record no. 256924)
[ view plain ]
| 000 -LEADER | |
|---|---|
| fixed length control field | 01230cam a22003371a 4500 |
| 001 - CONTROL NUMBER | |
| control field | 95007469 /AC |
| 003 - CONTROL NUMBER IDENTIFIER | |
| control field | DLC |
| 005 - DATE AND TIME OF LATEST TRANSACTION | |
| control field | 20200320175652.0 |
| 008 - FIXED-LENGTH DATA ELEMENTS--GENERAL INFORMATION | |
| fixed length control field | 950216s1996 maua j 000 1 eng |
| 010 ## - LIBRARY OF CONGRESS CONTROL NUMBER | |
| LC control number | 95007469 /AC |
| 020 ## - INTERNATIONAL STANDARD BOOK NUMBER | |
| International Standard Book Number | 0316486159 |
| 035 ## - SYSTEM CONTROL NUMBER | |
| System control number | ()21663 |
| 040 ## - CATALOGING SOURCE | |
| Original cataloging agency | DLC |
| Transcribing agency | DLC |
| Modifying agency | DLC |
| 050 00 - LIBRARY OF CONGRESS CALL NUMBER | |
| Classification number | PZ8.3.K27 |
| Item number | Ol 1996 |
| 082 00 - DEWEY DECIMAL CLASSIFICATION NUMBER | |
| Classification number | [E] |
| Edition number | 20 |
| 092 ## - LOCALLY ASSIGNED DEWEY CALL NUMBER (OCLC) | |
| Classification number | KEI |
| 100 1# - MAIN ENTRY--PERSONAL NAME | |
| Personal name | Keillor, Garrison. |
| 9 (RLIN) | 15121 |
| 245 14 - TITLE STATEMENT | |
| Title | The old man who loved cheese / |
| Statement of responsibility, etc | Garrison Keillor ; illustrated by Anne Wilsdorf. |
| 250 ## - EDITION STATEMENT | |
| Edition statement | 1st ed. |
| 260 ## - PUBLICATION, DISTRIBUTION, ETC. (IMPRINT) | |
| Place of publication, distribution, etc | Boston : |
| Name of publisher, distributor, etc | Little, Brown and Co., |
| Date of publication, distribution, etc | 1996. |
| 300 ## - PHYSICAL DESCRIPTION | |
| Extent | 1 v. (unpaged) : |
| Other physical details | col. ill. ; |
| Dimensions | 29 cm. |
| 520 ## - SUMMARY, ETC. | |
| Summary, etc | Wallace P. Flynn loves smelly cheeses so much that his family leaves him, his dog and cats can't stand to be around him, and even the skunks have to move. |
| 650 #1 - SUBJECT ADDED ENTRY--TOPICAL TERM | |
| Topical term or geographic name as entry element | Cheese |
| General subdivision | Fiction. |
| 9 (RLIN) | 5821320 |
| 650 #1 - SUBJECT ADDED ENTRY--TOPICAL TERM | |
| Topical term or geographic name as entry element | Humorous stories. |
| 9 (RLIN) | 85600 |
| 650 #1 - SUBJECT ADDED ENTRY--TOPICAL TERM | |
| Topical term or geographic name as entry element | Stories in rhyme. |
| 9 (RLIN) | 100128 |
| 700 1# - ADDED ENTRY--PERSONAL NAME | |
| Personal name | Wilsdorf, Anne, |
| Relator term | ill. |
| 9 (RLIN) | 22708 |
| 942 ## - ADDED ENTRY ELEMENTS (KOHA) | |
| Koha item type | BOOK |
| 948 ## - LOCAL PROCESSING INFORMATION (OCLC); SERIES PART DESIGNATOR (RLIN) | |
| Series part designator, SPT (RLIN) | 05/11/2004 |
| b (OCLC) | 12/19/2011 |
| z (OCLC) | Sirsi |
| 949 10 - LOCAL PROCESSING INFORMATION (OCLC) | |
| b | 34301000230914 |
| c | E |
| d | KEI |
| p | 1195 |
| m | WCL |
| n | WCL |
| t | BK |
| 996 ## - | |
| -- | 21663 |
| -- | 34301001384397 |
| -- | E |
| -- | bk |
| -- | wcl |
| -- | o |
| -- | 24 |
| -- | 14.95 |
| -- | gift |
| -- | Kei |
| -- | 10/07/2014 |
| -- | 03/16/2020 |
| -- | 03/16/2020 |
| Withdrawn status | Lost status | Source of classification or shelving scheme | Damaged status | Not for loan | Collection code | Home library | Current library | Shelving location | Date acquired | Source of acquisition | Cost, normal purchase price | Total Checkouts | Total Renewals | Full call number | Barcode | Checked out | Date last seen | Date checked out | Cost, replacement price | Price effective from | Koha item type |
|---|---|---|---|---|---|---|---|---|---|---|---|---|---|---|---|---|---|---|---|---|---|
| Dewey Decimal Classification | Children Picture Books | Wasatch County Library | Wasatch County Library | Main Floor Childrens Area | 10/07/2014 | Donation | 14.95 | 48 | 15 | E Kei | 34301001384397 | 04/18/2026 | 02/20/2026 | 02/20/2026 | 14.95 | 03/20/2020 | BOOK |
